Sports Quiz

Random Sports Quiz

Who won the most...? Quiz Stats

 Plays Quiz not verified by Sporcle

Score 0/27 Timer 05:00
0 Plays Today
Who won the most... sports figure or team % Correct
Super Bowl titles? (team)Pittsburgh Steelers
94.5%
World Series championships? (team)New York Yankees
93.7%
NBA championships? (team)Boston Celtics
91.9%
FIFA World Cup titles? (country)Brazil
91.6%
Olympics gold medals? (athlete)Michael Phelps
89%
Stanley Cups? (team)Montreal Canadiens
79.8%
Tour de France titles? (athlete)Lance Armstrong
79.5%
NCAA division 1 men’s basketball national championships? (school)UCLA Bruins
76.7%
NBA championships? (coach)Phil Jackson
74.9%
MLB MVPs? (athlete)Barry Bonds
74.4%
Men’s tennis Grand Slam singles titles? (athlete)Roger Federer
73.5%
Men’s major golf championships? (athlete)Jack Nicklaus
71.5%
Super Bowl MVPs? (athlete)Joe Montana
70.9%
Cy Young awards? (athlete)Roger Clemens
69.7%
Who won the most... sports figure or team % Correct
Hart Memorial Trophies? (athlete)Wayne Gretzky
68%
Sports Illustrated Sportsman of the Year awards? (athlete)Tiger Woods
63.4%
NCAA division 1 men’s basketball national championships? (coach)John Wooden
62.2%
NCAA division 1 women’s basketball national championships? (school)Tennessee Volunteers
58.5%
NBA MVPs? (athlete)Kareem Abdul-Jabbar
57.9%
Heisman Trophies? (athlete)Archie Griffin
50.4%
Super Bowl titles? (coach)Chuck Noll
44.7%
NCAA division 1 women’s basketball national championships? (coach)Pat Summitt
43.5%
World Series championships? (manager)Joe McCarthy/Casey Stengel
35.7%
Stanley Cups? (coach)Scotty Bowman
32.6%
Women’s tennis Grand Slam singles titles? (athlete)Margaret Smith Court
28.5%
Horse racing Triple Crowns? (jockey)Eddie Arcaro
4.3%
Women’s major golf championships? (athlete)Patty Berg
1.7%

You're not logged in!

Compare scores with friends on all Sporcle quizzes.
OR
Log In

Show Comments

Extras

Created Nov 27, 2010ReportNominate
Tags:team, won

Top Quizzes Today


Score Distribution

Your Account Isn't Verified!

In order to create a playlist on Sporcle, you need to verify the email address you used during registration. Go to your Sporcle Settings to finish the process.

Report this User

Report this user for behavior that violates our Community Guidelines.

Details: